Masters of the craft (Record no. 72952)

MARC details
000 -LEADER
fixed length control field 00975cam a2200229 4500
001 - CONTROL NUMBER
control field ABS66823
008 - FIXED-LENGTH DATA ELEMENTS--GENERAL INFORMATION
fixed length control field 030630n2003 000 0 eng u
035 ## - SYSTEM CONTROL NUMBER
System control number (Sirsi) u122810
100 ## - MAIN ENTRY--PERSONAL NAME
Personal name Bazlinton, C.
245 ## - TITLE STATEMENT
Title Masters of the craft
260 ## - PUBLICATION, DISTRIBUTION, ETC.
Date of publication, distribution, etc. 2003
490 ## - SERIES STATEMENT
Series statement Inside Housing
Volume/sequential designation 20(21) 30 May 2003, 14-15(2)
520 ## - SUMMARY, ETC.
Summary, etc. Attempts to provide a true picture of the country's top housing association developers by going beyond the Housing Corporation's list of Approved Development Programme(ADP) allocations. Assembles a top 50 developers list from a range of sources to show the most active associations and comments on the formative trends in this market. Tables cover the top 50 developers and top 25 ADP allocations.
590 ## - LOCAL NOTE (RLIN)
Local note ABS
650 ## - SUBJECT ADDED ENTRY--TOPICAL TERM
Topical term or geographic name entry element DEVELOPERS
650 ## - SUBJECT ADDED ENTRY--TOPICAL TERM
Topical term or geographic name entry element HOUSING ASSOCIATIONS
650 ## - SUBJECT ADDED ENTRY--TOPICAL TERM
Topical term or geographic name entry element RANKINGS
650 ## - SUBJECT ADDED ENTRY--TOPICAL TERM
Topical term or geographic name entry element APPROVED DEVELOPMENT PROGRAMME
650 ## - SUBJECT ADDED ENTRY--TOPICAL TERM
Topical term or geographic name entry element HOUSING ALLOCATIONS
690 ## - LOCAL SUBJECT ADDED ENTRY--TOPICAL TERM (OCLC, RLIN)
Topical term or geographic name as entry element Affordable housing
9 (RLIN) 6215
942 ## - ADDED ENTRY ELEMENTS (KOHA)
Suppress in OPAC 0
Holdings
Withdrawn status Lost status Source of classification or shelving scheme Damaged status Not for loan Home library Current library Shelving location Date acquired Total Checkouts Full call number Barcode Date last seen Copy number Price effective from Koha item type
    Dewey Decimal Classification     London London Journal article 30/06/2003   ABS66823 122810-1001 06/08/2019 1 06/08/2019 Journal article